[Event "ODJM A 2018"]
[Site "Willingen GER"]
[Date "2018.05.26"]
[Round "9"]
[White "Arndt, Magnus"]
[Black "Terhuven, Patrick"]
[Result "0-1"]
[Termination "normal"]
[Board "3"]
[WhiteElo "2120"]
[BlackElo "2124"]
[WhiteClock "00:01:29"]
[BlackClock "00:02:36"]
[PlyCount "80"]
[WhiteFideId "12998656"]
[BlackFideId "12919098"]
[EventCountry "GER"]
[EventRounds "9"]
[EventType "swiss"]
[EventDate "2018.05.19"]

1. d4 {[%clk 1:30:58]} 1... d5 {[%clk 1:30:56]} 2. Bf4 {[%clk 1:31:23]} 2...
Nf6 {[%clk 1:31:03]} 3. e3 {[%clk 1:31:48]} 3... c5 {[%clk 1:30:23]} 4. c3 {
[%clk 1:32:12]} 4... Nc6 {[%clk 1:29:47]} 5. Nd2 {[%clk 1:32:34]} 5... e6 {
[%clk 1:29:47]} 6. Bd3 {[%clk 1:32:23]} 6... Bd6 {[%clk 1:29:55]} 7. Bxd6 {
[%clk 1:31:31]} 7... Qxd6 {[%clk 1:30:23]} 8. f4 {[%clk 1:31:51]} 8... cxd4 {
[%clk 1:27:37]} 9. cxd4 {[%clk 1:30:31]} 9... O-O {[%clk 1:27:36]} 10. Ngf3 {
[%clk 1:30:02]} 10... Bd7 {[%clk 1:23:44]} 11. a3 {[%clk 1:27:52]} 11... Rac8 {
[%clk 1:21:39]} 12. O-O {[%clk 1:26:42]} 12... Ne7 {[%clk 1:18:32]} 13. Ne5 {
[%clk 1:15:08]} 13... Qb6 {[%clk 1:14:22]} 14. Rf3 {[%clk 1:08:15]} 14... Bb5 {
[%clk 1:02:12]} 15. Bb1 {[%clk 0:54:10]} 15... Nf5 {[%clk 0:48:15]} 16. Rh3 {
[%clk 0:35:21]} 16... g6 {[%clk 0:36:30]} 17. Qe1 {[%clk 0:22:08]} 17... Rc7 {
[%clk 0:25:03]} 18. g4 {[%clk 0:09:28]} 18... Rfc8 {[%clk 0:22:18]} 19. Ba2 {
[%clk 0:04:17]} 19... Nd6 {[%clk 0:16:15]} 20. g5 {[%clk 0:03:03]} 20... Nfe4 {
[%clk 0:12:40]} 21. Nb3 {[%clk 0:01:23]} 21... Nf5 {[%clk 0:12:15]} 22. Ng4 {
[%clk 0:01:13]} 22... Bc4 {[%clk 0:08:38]} 23. Nc5 {[%clk 0:01:19]} 23... Bxa2
{[%clk 0:07:44]} 24. Rxa2 {[%clk 0:01:26]} 24... Nxc5 {[%clk 0:07:30]} 25. dxc5
{[%clk 0:01:49]} 25... Qxc5 {[%clk 0:06:58]} 26. Ra1 {[%clk 0:00:54]} 26... Kg7
{[%clk 0:05:38]} 27. Nf6 {[%clk 0:00:54]} 27... h5 {[%clk 0:05:48]} 28. Rd1 {
[%clk 0:00:38]} 28... Qc2 {[%clk 0:04:59]} 29. Rd2 {[%clk 0:00:40]} 29... Qc1 {
[%clk 0:04:59]} 30. Kf2 {[%clk 0:00:34]} 30... Qxe1+ 31. Kxe1 {[%clk 0:01:03]}
31... Rc1+ {[%clk 0:03:32]} 32. Ke2 {[%clk 0:01:29]} 32... R8c2 {[%clk 0:03:25]
} 33. Rf3 {[%clk 0:01:02]} 33... Nd6 {[%clk 0:03:29]} 34. b3 {[%clk 0:00:53]}
34... Rc3 {[%clk 0:02:20]} 35. e4 {[%clk 0:00:39]} 35... Nxe4 {[%clk 0:01:56]}
36. Nxe4 {[%clk 0:00:33]} 36... dxe4 {[%clk 0:02:24]} 37. Rxc3 {[%clk 0:00:39]}
37... Rxc3 {[%clk 0:02:53]} 38. Rb2 {[%clk 0:00:46]} 38... Kf8 {[%clk 0:02:53]}
39. a4 {[%clk 0:01:10]} 39... Ke7 {[%clk 0:02:45]} 40. Kd2 {[%clk 0:01:29]}
40... Rf3 {[%clk 0:02:36]} 0-1

[Event "ODJM A 2018"]
[Site "Willingen GER"]
[Date "2018.05.26"]
[Round "9"]
[White "Holtel, Jasper"]
[Black "Heldt, Maximilian"]
[Result "1/2-1/2"]
[Termination "normal"]
[Board "4"]
[WhiteTitle "FM"]
[WhiteElo "2240"]
[BlackElo "2050"]
[WhiteClock "00:08:26"]
[BlackClock "00:41:13"]
[PlyCount "75"]
[WhiteFideId "12956376"]
[BlackFideId "12952346"]
[EventCountry "GER"]
[EventRounds "9"]
[EventType "swiss"]
[EventDate "2018.05.19"]

1. Nf3 {[%clk 1:30:59]} 1... c5 {[%clk 1:30:07]} 2. g3 {[%clk 1:25:08]} 2...
Nc6 {[%clk 1:30:23]} 3. d4 {[%clk 1:24:28]} 3... cxd4 {[%clk 1:30:35]} 4. Nxd4
{[%clk 1:24:52]} 4... g6 {[%clk 1:27:26]} 5. Bg2 {[%clk 1:24:52]} 5... Bg7 {
[%clk 1:27:50]} 6. Nxc6 {[%clk 1:22:28]} 6... bxc6 {[%clk 1:27:59]} 7. O-O {
[%clk 1:22:50]} 7... Nf6 {[%clk 1:27:28]} 8. c4 {[%clk 1:21:36]} 8... O-O {
[%clk 1:27:40]} 9. Nc3 {[%clk 1:18:27]} 9... Rb8 {[%clk 1:27:42]} 10. b3 {
[%clk 1:13:29]} 10... Bb7 {[%clk 1:17:16]} 11. Bb2 {[%clk 1:07:18]} 11... d5 {
[%clk 1:17:03]} 12. Na4 {[%clk 0:57:05]} 12... Re8 {[%clk 1:12:32]} 13. Be5 {
[%clk 0:54:27]} 13... Rc8 {[%clk 1:08:35]} 14. Rc1 {[%clk 0:52:40]} 14... Nh5 {
[%clk 1:05:57]} 15. Bxg7 {[%clk 0:51:03]} 15... Nxg7 {[%clk 1:06:19]} 16. Qd4 {
[%clk 0:37:23]} 16... Qa5 {[%clk 1:05:33]} 17. Qc5 {[%clk 0:37:08]} 17... Qxc5
{[%clk 1:04:34]} 18. Nxc5 {[%clk 0:37:29]} 18... Ba8 {[%clk 1:04:55]} 19. Rfd1
{[%clk 0:36:43]} 19... Rcd8 {[%clk 1:02:01]} 20. Rd3 {[%clk 0:29:54]} 20... Rd6
{[%clk 0:55:04]} 21. e4 {[%clk 0:19:45]} 21... dxc4 {[%clk 0:52:04]} 22. Rxc4 {
[%clk 0:19:33]} 22... Ne6 {[%clk 0:52:12]} 23. Bf1 {[%clk 0:18:18]} 23... Nxc5
{[%clk 0:47:20]} 24. Rxc5 {[%clk 0:18:38]} 24... Red8 {[%clk 0:47:43]} 25. Rxd6
{[%clk 0:18:04]} 25... exd6 {[%clk 0:47:58]} 26. Ra5 {[%clk 0:18:16]} 26... Rd7
{[%clk 0:47:20]} 27. f3 {[%clk 0:17:23]} 27... d5 {[%clk 0:42:44]} 28. Kf2 {
[%clk 0:14:05]} 28... dxe4 {[%clk 0:40:08]} 29. fxe4 {[%clk 0:14:30]} 29... c5
{[%clk 0:40:29]} 30. Ke3 {[%clk 0:14:26]} 30... Re7 {[%clk 0:40:48]} 31. Bd3 {
[%clk 0:14:19]} 31... f5 {[%clk 0:40:45]} 32. Rxc5 {[%clk 0:14:41]} 32... Bxe4
{[%clk 0:40:49]} 33. Bxe4 {[%clk 0:14:56]} 33... Rxe4+ {[%clk 0:41:14]} 34. Kf3
{[%clk 0:15:13]} 34... Re7 {[%clk 0:41:06]} 35. Ra5 {[%clk 0:15:35]} 35... Kf7
{[%clk 0:41:02]} 36. Ra6 {[%clk 0:16:00]} 36... Kg7 {[%clk 0:41:01]} 37. h4 {
[%clk 0:10:04]} 37... Kh6 {[%clk 0:41:13]} 38. b4 {[%clk 0:08:26]} 1/2-1/2

[Event "ODJM A 2018"]
[Site "Willingen GER"]
[Date "2018.05.26"]
[Round "9"]
[White "Förster, Erik"]
[Black "Winkel, Peter"]
[Result "0-1"]
[Termination "normal"]
[Board "5"]
[WhiteElo "2074"]
[BlackElo "2110"]
[WhiteClock "00:53:22"]
[BlackClock "00:04:34"]
[PlyCount "134"]
[WhiteFideId "12918601"]
[BlackFideId "12954756"]
[EventCountry "GER"]
[EventRounds "9"]
[EventType "swiss"]
[EventDate "2018.05.19"]

1. d4 {[%clk 1:30:58]} 1... d5 {[%clk 1:30:58]} 2. Nf3 {[%clk 1:31:24]} 2...
Nf6 {[%clk 1:31:24]} 3. c4 {[%clk 1:31:48]} 3... c6 {[%clk 1:31:52]} 4. g3 {
[%clk 1:32:12]} 4... Bf5 {[%clk 1:32:16]} 5. Nc3 {[%clk 1:31:32]} 5... e6 {
[%clk 1:31:43]} 6. Nh4 {[%clk 1:31:48]} 6... Bg4 {[%clk 1:29:02]} 7. h3 { [%clk
1:31:37]} 7... Bh5 {[%clk 1:29:16]} 8. Qb3 {[%clk 1:31:19]} 8... Qb6 { [%clk
1:25:32]} 9. g4 {[%clk 1:29:22]} 9... Bg6 {[%clk 1:24:11]} 10. Nxg6 { [%clk
1:29:31]} 10... hxg6 {[%clk 1:24:28]} 11. Bg2 {[%clk 1:29:12]} 11... Na6 {[%clk
1:11:33]} 12. Bf4 {[%clk 1:23:36]} 12... Be7 {[%clk 0:54:39]} 13. c5 { [%clk
1:16:26]} 13... Qxb3 {[%clk 0:51:20]} 14. axb3 {[%clk 1:16:54]} 14... Bd8
{[%clk 0:50:55]} 15. e4 {[%clk 1:13:56]} 15... dxe4 {[%clk 0:44:57]} 16. Nxe4 {
[%clk 1:14:04]} 16... Nxe4 {[%clk 0:44:16]} 17. Bxe4 {[%clk 1:13:35]} 17... Nc7
{[%clk 0:39:26]} 18. Bxc7 {[%clk 1:12:21]} 18... Bxc7 {[%clk 0:39:38]} 19. b4 {
[%clk 1:12:45]} 19... O-O-O {[%clk 0:35:34]} 20. Rd1 {[%clk 1:03:04]} 20... Rd7
{[%clk 0:31:20]} 21. b5 {[%clk 0:57:35]} 21... cxb5 {[%clk 0:31:42]} 22. Ke2 {
[%clk 0:56:31]} 22... Rhd8 {[%clk 0:30:31]} 23. Ke3 {[%clk 0:55:50]} 23... Be5
{[%clk 0:29:28]} 24. c6 {[%clk 0:51:24]} 24... Bxd4+ {[%clk 0:26:25]} 25. Kf3 {
[%clk 0:50:37]} 25... bxc6 {[%clk 0:25:46]} 26. Bxc6 {[%clk 0:50:57]} 26... Rd6
{[%clk 0:21:26]} 27. Bxb5 {[%clk 0:50:15]} 27... Rb6 {[%clk 0:20:28]} 28. Rc1+
{[%clk 0:49:22]} 28... Kb8 {[%clk 0:19:51]} 29. Be2 {[%clk 0:43:28]} 29... Rb3+
{[%clk 0:16:27]} 30. Kg2 {[%clk 0:40:39]} 30... Rxb2 {[%clk 0:14:55]} 31. Rb1 {
[%clk 0:36:26]} 31... Rd6 {[%clk 0:08:54]} 32. Rxb2+ {[%clk 0:35:42]} 32...
Bxb2 {[%clk 0:09:18]} 33. Rb1 {[%clk 0:35:53]} 33... Rb6 {[%clk 0:09:30]} 34.
Rd1 {[%clk 0:36:13]} 34... Kc7 {[%clk 0:09:10]} 35. f4 {[%clk 0:35:17]} 35...
a5 {[%clk 0:08:42]} 36. f5 {[%clk 0:35:33]} 36... gxf5 {[%clk 0:08:34]} 37.
gxf5 {[%clk 0:36:01]} 37... exf5 {[%clk 0:06:13]} 38. Bc4 {[%clk 0:36:27]}
38... f6 {[%clk 0:04:06]} 39. Rd5 {[%clk 0:36:27]} 39... a4 {[%clk 0:03:38]}
40. Rxf5 {[%clk 0:36:46]} 40... a3 {[%clk 0:03:20]} 41. Ra5 {[%clk 0:36:09]}
41... Rb4 {[%clk 0:29:12]} 42. Bg8 {[%clk 1:06:32]} 42... Kb6 {[%clk 0:29:11]}
43. Ra8 {[%clk 1:06:54]} 43... Rh4 {[%clk 0:27:27]} 44. Be6 {[%clk 1:06:24]}
44... Re4 {[%clk 0:25:59]} 45. Bg8 {[%clk 1:05:12]} 45... Kb5 {[%clk 0:24:37]}
46. Kf3 {[%clk 1:05:12]} 46... Rb4 {[%clk 0:11:55]} 47. Bf7 {[%clk 1:03:29]}
47... Kc5 {[%clk 0:11:21]} 48. Ra7 {[%clk 1:02:22]} 48... Kb6 {[%clk 0:08:22]}
49. Ra8 {[%clk 1:02:02]} 49... Kc6 {[%clk 0:08:21]} 50. Ra7 {[%clk 1:02:08]}
50... g5 {[%clk 0:07:23]} 51. Be6 {[%clk 1:01:46]} 51... Kd6 {[%clk 0:07:24]}
52. Ra6+ {[%clk 1:01:06]} 52... Ke5 {[%clk 0:07:37]} 53. Bg8 {[%clk 1:00:49]}
53... Kf5 {[%clk 0:06:40]} 54. Bf7 {[%clk 0:59:37]} 54... Rf4+ {[%clk 0:06:47]}
55. Ke3 {[%clk 0:59:16]} 55... Re4+ {[%clk 0:06:43]} 56. Kf3 {[%clk 0:59:33]}
56... Re5 {[%clk 0:06:52]} 57. Kg3 {[%clk 0:57:15]} 57... Rc5 {[%clk 0:07:05]}
58. Kf3 {[%clk 0:57:07]} 58... Rc3+ {[%clk 0:06:19]} 59. Kf2 {[%clk 0:57:08]}
59... Rc7 {[%clk 0:06:27]} 60. Be6+ {[%clk 0:57:08]} 60... Ke5 {[%clk 0:06:37]}
61. Bg8 {[%clk 0:56:54]} 61... Rc2+ {[%clk 0:05:56]} 62. Kf3 {[%clk 0:57:06]}
62... Rc3+ {[%clk 0:06:19]} 63. Kg4 {[%clk 0:56:21]} 63... Rc8 {[%clk 0:05:59]}
64. Bf7 {[%clk 0:55:51]} 64... Ke4 {[%clk 0:05:18]} 65. Bg6+ {[%clk 0:54:48]}
65... Ke3 {[%clk 0:05:26]} 66. Bf7 {[%clk 0:53:51]} 66... Rh8 {[%clk 0:04:55]}
67. Be6 {[%clk 0:53:22]} 67... Kf2 {[%clk 0:04:34]} 0-1

[Event "ODJM A 2018"]
[Site "Willingen GER"]
[Date "2018.05.26"]
[Round "9"]
[White "Parvanyan, Alfred"]
[Black "Borchert, René"]
[Result "0-1"]
[Termination "normal"]
[Board "6"]
[WhiteElo "2095"]
[BlackElo "2186"]
[WhiteClock "00:01:06"]
[BlackClock "00:11:13"]
[PlyCount "78"]
[WhiteFideId "13305832"]
[BlackFideId "12990671"]
[EventCountry "GER"]
[EventRounds "9"]
[EventType "swiss"]
[EventDate "2018.05.19"]

1. e4 {[%clk 1:30:56]} 1... e5 {[%clk 1:30:58]} 2. Nf3 {[%clk 1:31:17]} 2...
Nc6 {[%clk 1:31:25]} 3. Be2 {[%clk 1:31:32]} 3... Nf6 {[%clk 1:28:43]} 4. Nc3 {
[%clk 1:31:50]} 4... Bb4 {[%clk 1:25:50]} 5. a3 {[%clk 1:18:46]} 5... Bxc3 {
[%clk 1:24:43]} 6. dxc3 {[%clk 1:19:05]} 6... d6 {[%clk 1:13:05]} 7. Qd3 {
[%clk 1:09:00]} 7... Ne7 {[%clk 1:08:47]} 8. Bg5 {[%clk 1:03:03]} 8... Ng6 {
[%clk 1:09:10]} 9. g3 {[%clk 1:01:10]} 9... h6 {[%clk 1:04:43]} 10. Bxf6 {
[%clk 0:58:49]} 10... Qxf6 {[%clk 1:05:09]} 11. O-O-O {[%clk 0:58:39]} 11...
O-O {[%clk 1:05:31]} 12. h4 {[%clk 0:57:14]} 12... b6 {[%clk 0:56:38]} 13. h5 {
[%clk 0:48:30]} 13... Ne7 {[%clk 0:57:02]} 14. Kb1 {[%clk 0:48:52]} 14... Bb7 {
[%clk 0:56:46]} 15. Nh2 {[%clk 0:29:03]} 15... Qxf2 {[%clk 0:52:02]} 16. Ng4 {
[%clk 0:24:17]} 16... Qc5 {[%clk 0:40:04]} 17. Rhf1 {[%clk 0:15:18]} 17... f6 {
[%clk 0:31:23]} 18. Ne3 {[%clk 0:12:01]} 18... a5 {[%clk 0:28:06]} 19. g4 {
[%clk 0:10:17]} 19... Qc6 {[%clk 0:25:50]} 20. Nf5 {[%clk 0:06:36]} 20... Nxf5
{[%clk 0:25:33]} 21. gxf5 {[%clk 0:06:49]} 21... Qxe4 {[%clk 0:21:28]} 22. Qd2
{[%clk 0:07:09]} 22... Qh4 {[%clk 0:20:22]} 23. Rg1 {[%clk 0:05:33]} 23... Qf4
{[%clk 0:18:33]} 24. Qd3 {[%clk 0:05:13]} 24... Kh7 {[%clk 0:13:54]} 25. Rg4 {
[%clk 0:04:28]} 25... Qf2 {[%clk 0:12:33]} 26. Rdg1 {[%clk 0:03:36]} 26... Rf7
{[%clk 0:12:45]} 27. Rg6 {[%clk 0:01:11]} 27... e4 {[%clk 0:12:13]} 28. Qc4 {
[%clk 0:01:01]} 28... Raf8 {[%clk 0:11:37]} 29. R6g2 {[%clk 0:00:34]} 29...
Qxf5 {[%clk 0:11:29]} 30. Bg4 {[%clk 0:00:35]} 30... Qd5 {[%clk 0:11:29]} 31.
Qf1 {[%clk 0:00:38]} 31... f5 {[%clk 0:11:32]} 32. Be2 {[%clk 0:00:38]} 32...
Qe5 {[%clk 0:11:31]} 33. Rg6 {[%clk 0:00:55]} 33... f4 {[%clk 0:11:42]} 34. Qg2
{[%clk 0:01:10]} 34... f3 {[%clk 0:11:55]} 35. Rxh6+ {[%clk 0:01:31]} 35... Kg8
{[%clk 0:11:49]} 36. Qg6 {[%clk 0:00:40]} 36... Qf5 {[%clk 0:10:49]} 37. Qxf5 {
[%clk 0:00:32]} 37... Rxf5 {[%clk 0:10:38]} 38. Rhg6 {[%clk 0:00:44]} 38...
fxe2 {[%clk 0:10:46]} 39. Rxg7+ {[%clk 0:01:06]} 39... Kh8 {[%clk 0:11:13]} 0-1

[Event "ODJM A 2018"]
[Site "Willingen GER"]
[Date "2018.05.26"]
[Round "9"]
[White "Engel, Robert"]
[Black "Küppers, Timo"]
[Result "0-1"]
[Termination "normal"]
[Board "7"]
[WhiteElo "2081"]
[BlackElo "2175"]
[WhiteClock "00:51:10"]
[BlackClock "00:10:53"]
[PlyCount "126"]
[WhiteFideId "12974684"]
[BlackFideId "16205820"]
[EventCountry "GER"]
[EventRounds "9"]
[EventType "swiss"]
[EventDate "2018.05.19"]

1. e4 {[%clk 1:30:59]} 1... c5 {[%clk 1:30:56]} 2. Nf3 {[%clk 1:31:24]} 2... d6
{[%clk 1:31:23]} 3. d4 {[%clk 1:31:48]} 3... cxd4 {[%clk 1:31:49]} 4. Nxd4 {
[%clk 1:32:11]} 4... Nf6 {[%clk 1:32:15]} 5. Nc3 {[%clk 1:32:34]} 5... a6 {
[%clk 1:31:51]} 6. g3 {[%clk 1:32:59]} 6... g6 {[%clk 1:32:12]} 7. Bg2 { [%clk
1:33:21]} 7... Bg7 {[%clk 1:32:40]} 8. O-O {[%clk 1:33:36]} 8... O-O { [%clk
1:33:06]} 9. h3 {[%clk 1:33:52]} 9... Bd7 {[%clk 1:29:54]} 10. Be3 { [%clk
1:33:19]} 10... Nc6 {[%clk 1:30:03]} 11. Nd5 {[%clk 1:27:28]} 11... Nxd5 {[%clk
1:22:35]} 12. exd5 {[%clk 1:27:28]} 12... Na5 {[%clk 1:22:52]} 13. b3 { [%clk
1:21:15]} 13... e5 {[%clk 1:13:21]} 14. dxe6 {[%clk 1:19:46]} 14... fxe6 {[%clk
1:11:44]} 15. c4 {[%clk 1:17:14]} 15... Rc8 {[%clk 1:03:42]} 16. Rc1 { [%clk
1:11:35]} 16... Nc6 {[%clk 0:45:40]} 17. Nxc6 {[%clk 1:07:39]} 17... Bxc6
{[%clk 0:45:17]} 18. Qg4 {[%clk 1:06:58]} 18... Rf5 {[%clk 0:38:41]} 19. Be4 {
[%clk 1:02:38]} 19... Bxe4 {[%clk 0:37:39]} 20. Qxe4 {[%clk 1:03:06]} 20... Qd7
{[%clk 0:33:15]} 21. Rfd1 {[%clk 1:01:20]} 21... b5 {[%clk 0:24:35]} 22. Bf4 {
[%clk 0:54:34]} 22... Rc6 {[%clk 0:21:45]} 23. cxb5 {[%clk 0:38:52]} 23... Rxc1
{[%clk 0:22:08]} 24. Rxc1 {[%clk 0:38:29]} 24... d5 {[%clk 0:17:12]} 25. Qc2 {
[%clk 0:36:25]} 25... axb5 {[%clk 0:16:35]} 26. Qc6 {[%clk 0:33:30]} 26... Qxc6
{[%clk 0:16:27]} 27. Rxc6 {[%clk 0:33:59]} 27... e5 {[%clk 0:13:32]} 28. Bd2 {
[%clk 0:34:18]} 28... e4 {[%clk 0:12:15]} 29. Rc5 {[%clk 0:31:26]} 29... Bd4 {
[%clk 0:11:41]} 30. Rc8+ {[%clk 0:30:09]} 30... Kf7 {[%clk 0:11:11]} 31. Be1 {
[%clk 0:30:16]} 31... e3 {[%clk 0:10:33]} 32. fxe3 {[%clk 0:29:43]} 32... Bxe3+
{[%clk 0:10:57]} 33. Kg2 {[%clk 0:30:04]} 33... d4 {[%clk 0:11:09]} 34. g4 {
[%clk 0:29:32]} 34... Rf6 {[%clk 0:10:00]} 35. a4 {[%clk 0:26:58]} 35... bxa4 {
[%clk 0:10:19]} 36. bxa4 {[%clk 0:27:23]} 36... d3 37. Rd8 {[%clk 0:26:57]}
37... d2 {[%clk 0:09:23]} 38. Rxd2 {[%clk 0:27:15]} 38... Bxd2 {[%clk 0:09:49]}
39. Bxd2 {[%clk 0:24:46]} 39... Rb6 40. Be1 {[%clk 0:24:24]} 40... Rb2+ { [%clk
0:07:03]} 41. Kg3 {[%clk 0:23:34]} 41... Re2 42. Bb4 42... Re4 { [%clk
0:04:04]} 43. Bd2 {[%clk 0:24:02]} 43... Rxa4 {[%clk 0:04:25]} 44. h4 { [%clk
0:24:28]} 44... Ra3+ {[%clk 0:27:54]} 45. Kf4 {[%clk 0:53:51]} 45... Kf6 {[%clk
0:26:11]} 46. Be3 {[%clk 0:52:33]} 46... Ra4+ {[%clk 0:25:17]} 47. Kf3 { [%clk
0:52:57]} 47... Ke5 {[%clk 0:25:30]} 48. h5 {[%clk 0:52:55]} 48... Ra3 { [%clk
0:25:40]} 49. hxg6 {[%clk 0:49:59]} 49... hxg6 {[%clk 0:25:58]} 50. g5 { [%clk
0:49:01]} 50... Kf5 {[%clk 0:26:14]} 51. Kf2 {[%clk 0:49:21]} 51... Rxe3 {[%clk
0:11:39]} 52. Kxe3 {[%clk 0:49:39]} 52... Kxg5 {[%clk 0:12:05]} 53. Kf3 {[%clk
0:49:53]} 53... Kh4 {[%clk 0:12:29]} 54. Kg2 {[%clk 0:49:34]} 54... Kg4 {[%clk
0:11:59]} 55. Kh2 {[%clk 0:49:28]} 55... Kf3 {[%clk 0:11:47]} 56. Kh1 { [%clk
0:48:35]} 56... Kg3 {[%clk 0:09:46]} 57. Kg1 {[%clk 0:48:59]} 57... g5 { [%clk
0:09:31]} 58. Kh1 {[%clk 0:49:24]} 58... Kf2 {[%clk 0:09:31]} 59. Kh2 { [%clk
0:49:53]} 59... g4 {[%clk 0:09:51]} 60. Kh1 {[%clk 0:50:18]} 60... Kg3 { [%clk
0:10:13]} 61. Kg1 {[%clk 0:50:37]} 61... Kh3 {[%clk 0:10:17]} 62. Kh1 { [%clk
0:50:53]} 62... g3 {[%clk 0:10:29]} 63. Kg1 {[%clk 0:51:10]} 63... g2 { [%clk
0:10:53]} 0-1

[Event "ODJM A 2018"]
[Site "Willingen GER"]
[Date "2018.05.26"]
[Round "9"]
[White "Garbuz, Vitaliy"]
[Black "Savchenko, Daniel"]
[Result "0-1"]
[Termination "normal"]
[Board "8"]
[WhiteElo "2032"]
[BlackElo "2117"]
[WhiteClock "00:04:15"]
[BlackClock "00:24:13"]
[PlyCount "62"]
[WhiteFideId "12990710"]
[BlackFideId "12919195"]
[EventCountry "GER"]
[EventRounds "9"]
[EventType "swiss"]
[EventDate "2018.05.19"]

1. e4 {[%clk 1:30:53]} 1... c5 {[%clk 1:30:52]} 2. d4 {[%clk 1:31:07]} 2...
cxd4 {[%clk 1:31:16]} 3. c3 {[%clk 1:31:13]} 3... d3 {[%clk 1:31:39]} 4. Bxd3 {
[%clk 1:31:36]} 4... d6 {[%clk 1:31:06]} 5. f4 {[%clk 1:29:46]} 5... e6 { [%clk
1:24:04]} 6. Nf3 {[%clk 1:29:49]} 6... Nf6 {[%clk 1:23:14]} 7. O-O { [%clk
1:29:29]} 7... Nbd7 {[%clk 1:23:22]} 8. Qe1 {[%clk 1:25:59]} 8... Be7 { [%clk
1:18:48]} 9. h3 {[%clk 1:25:34]} 9... Qc7 {[%clk 1:05:20]} 10. a4 { [%clk
1:24:00]} 10... a6 {[%clk 1:00:24]} 11. Bc2 {[%clk 1:21:05]} 11... b6 { [%clk
1:00:01]} 12. g4 {[%clk 1:17:00]} 12... Bb7 {[%clk 0:57:53]} 13. Nbd2 { [%clk
0:48:50]} 13... h6 {[%clk 0:51:29]} 14. Rf2 {[%clk 0:46:57]} 14... O-O-O {[%clk
0:50:13]} 15. a5 {[%clk 0:46:34]} 15... g5 {[%clk 0:48:03]} 16. axb6 { [%clk
0:46:26]} 16... Nxb6 {[%clk 0:47:41]} 17. Nf1 {[%clk 0:34:46]} 17... Rdg8
{[%clk 0:39:54]} 18. Rg2 {[%clk 0:27:50]} 18... d5 {[%clk 0:35:06]} 19. e5 {
[%clk 0:24:18]} 19... Ne4 {[%clk 0:35:18]} 20. Nd4 {[%clk 0:22:28]} 20... h5 {
[%clk 0:34:32]} 21. Nd2 {[%clk 0:18:47]} 21... Nxd2 {[%clk 0:31:26]} 22. Bxd2 {
[%clk 0:19:16]} 22... Nc4 {[%clk 0:31:37]} 23. Bc1 {[%clk 0:19:28]} 23... hxg4
{[%clk 0:30:45]} 24. hxg4 {[%clk 0:19:28]} 24... gxf4 {[%clk 0:29:52]} 25. Bxf4
{[%clk 0:19:49]} 25... Bg5 {[%clk 0:29:25]} 26. Bxg5 {[%clk 0:19:00]} 26...
Rxg5 {[%clk 0:29:45]} 27. Nf3 {[%clk 0:19:15]} 27... Rg7 {[%clk 0:27:48]} 28.
b3 {[%clk 0:19:08]} 28... d4 {[%clk 0:26:29]} 29. Bd1 {[%clk 0:06:00]} 29...
Ne3 {[%clk 0:26:39]} 30. Rg3 {[%clk 0:06:28]} 30... Rgh7 {[%clk 0:23:55]} 31.
Kf2 {[%clk 0:04:15]} 31... Rh2+ {[%clk 0:24:13]} 0-1

[Event "ODJM A 2018"]
[Site "Willingen GER"]
[Date "2018.05.26"]
[Round "9"]
[White "Stelmaszyk, Nico"]
[Black "Rieper, Julian"]
[Result "1/2-1/2"]
[Termination "normal"]
[Board "9"]
[WhiteElo "1919"]
[BlackElo "2038"]
[WhiteClock "00:48:50"]
[BlackClock "00:13:17"]
[PlyCount "60"]
[WhiteFideId "16200462"]
[BlackFideId "12936960"]
[EventCountry "GER"]
[EventRounds "9"]
[EventType "swiss"]
[EventDate "2018.05.19"]

1. e4 {[%clk 1:30:58]} 1... e5 {[%clk 1:30:49]} 2. Nf3 {[%clk 1:31:22]} 2...
Nc6 {[%clk 1:31:15]} 3. Bc4 {[%clk 1:31:46]} 3... Nf6 {[%clk 1:31:08]} 4. d4 {
[%clk 1:29:14]} 4... exd4 {[%clk 1:31:10]} 5. O-O {[%clk 1:29:36]} 5... Nxe4 {
[%clk 1:26:20]} 6. Re1 {[%clk 1:29:35]} 6... d5 {[%clk 1:26:47]} 7. Bxd5 {
[%clk 1:30:00]} 7... Qxd5 {[%clk 1:27:13]} 8. Nc3 {[%clk 1:30:23]} 8... Qa5 {
[%clk 1:27:39]} 9. Nxe4 {[%clk 1:30:45]} 9... Be6 {[%clk 1:28:04]} 10. Neg5 {
[%clk 1:31:07]} 10... O-O-O {[%clk 1:28:05]} 11. Nxe6 {[%clk 1:31:30]} 11...
fxe6 {[%clk 1:28:31]} 12. Rxe6 {[%clk 1:31:55]} 12... Bd6 {[%clk 1:28:37]} 13.
Bg5 {[%clk 1:32:17]} 13... Rde8 {[%clk 1:27:52]} 14. Qe2 {[%clk 1:32:40]} 14...
Kd7 {[%clk 1:27:46]} 15. Rxe8 {[%clk 1:33:03]} 15... Rxe8 {[%clk 1:28:10]} 16.
Qd3 {[%clk 1:33:27]} 16... h6 {[%clk 1:28:04]} 17. Bh4 {[%clk 1:31:13]} 17...
g5 {[%clk 0:56:13]} 18. Bg3 {[%clk 1:31:36]} 18... g4 {[%clk 0:53:49]} 19. Nd2
{[%clk 1:29:12]} 19... Bxg3 {[%clk 0:47:53]} 20. hxg3 {[%clk 1:29:16]} 20...
Qe5 {[%clk 0:40:59]} 21. Nb3 {[%clk 1:26:25]} 21... Kc8 {[%clk 0:37:03]} 22.
Rd1 {[%clk 1:25:59]} 22... h5 {[%clk 0:33:13]} 23. a3 {[%clk 1:21:38]} 23... a6
{[%clk 0:28:22]} 24. Qg6 {[%clk 1:09:54]} 24... Rf8 {[%clk 0:24:16]} 25. Qd3 {
[%clk 1:00:13]} 25... Re8 {[%clk 0:19:17]} 26. Qg6 {[%clk 1:00:09]} 26... Rd8 {
[%clk 0:17:49]} 27. Qd3 {[%clk 0:58:07]} 27... Kb8 {[%clk 0:17:35]} 28. Rd2 {
[%clk 0:56:10]} 28... Re8 {[%clk 0:15:29]} 29. Qg6 {[%clk 0:49:06]} 29... Rf8 {
[%clk 0:14:09]} 30. Qd3 {[%clk 0:48:50]} 30... Re8 {[%clk 0:13:17]} 1/2-1/2